| 000 | 00645nam a2200193Ia 4500 | ||
|---|---|---|---|
| 003 | GCL | ||
| 008 | 140319s9999 xx 000 0 ara d | ||
| 040 |
_aGCL / _cGCL |
||
| 082 | 0 | 4 |
_a810.9 _bم ا |
| 100 | 1 | _aمصطفى صادق الرافعى | |
| 245 | 1 | 0 |
_aاوراق الورد: رسائلها ورسائلة / _cمصطفى صادق الرافعى |
| 260 |
_a[S.N] : _bدار الكتاب العربى ، _c1982 |
||
| 300 | _a260 ص | ||
| 490 |
_aمجموعة مصطفى صادق الرافعى _v0 |
||
| 650 | 0 | 4 | _aالادب العربى |
| 650 | 0 | 4 | _aالرسائل العربية |
| 650 | 0 | 4 | _aتاريخ ونقد |
| 942 |
_2ddc _cBK |
||
| 999 |
_c35773 _d35773 |
||